| 000 | 00578nam a22002177a 4500 | ||
|---|---|---|---|
| 003 | OSt | ||
| 005 | 20151118143533.0 | ||
| 008 | 151118b xxu||||| |||| 00| 0 eng d | ||
| 020 | _a0071148167 | ||
| 040 | _cDDC | ||
| 082 | _a536 ZEM 1997 | ||
| 100 |
_aZemansky, Mark W.; Dittman, Richard H. _96191 |
||
| 245 | _aHeat and Thermodynamics | ||
| 250 | _a7th ed. | ||
| 260 |
_aNew York; _bMcgraw hill, _c1997 |
||
| 300 | _axx,487p; ill: 23cm | ||
| 504 | _aAppendices, answers, & index included | ||
| 650 |
_aHeat _96192 |
||
| 650 |
_aThermodynamics _96193 |
||
| 942 |
_2z _cO_SHELF |
||
| 999 |
_c2599 _d2599 |
||